Normal view
MARC view
- NLS2024, NLSTEXTBOOKS, NLSEBOOKBANK
Entry Topical Term
001 - CONTROL NUMBER
- control field: 126869
003 - CONTROL NUMBER IDENTIFIER
- control field: NUST
005 - DATE AND TIME OF LATEST TRANSACTION
- control field: 20241111164659.0
008 - FIXED-LENGTH DATA ELEMENTS
- fixed length control field: 241111|| aca||aabn | a|a d
040 ## - CATALOGING SOURCE
- Original cataloging agency: NUST
- Transcribing agency: NUST
150 ## - HEADING--TOPICAL TERM
- Topical term or geographic name entry element: NLS2024, NLSTEXTBOOKS, NLSEBOOKBANK
670 ## - SOURCE DATA FOUND
- Source citation: Work cat.: (NUST)585989: Rawls, John, 1921-2002. 81067, A theory of justice /, [2005?], c1971.
